<?xml version="1.0" encoding="UTF-8"?>
<record
    xmlns:xsi="http://www.w3.org/2001/XMLSchema-instance"
    xsi:schemaLocation="http://www.loc.gov/MARC21/slim http://www.loc.gov/standards/marcxml/schema/MARC21slim.xsd"
    xmlns="http://www.loc.gov/MARC21/slim">

  <leader>00499nam a22001937a 4500</leader>
  <controlfield tag="003">NUST - PNEC</controlfield>
  <controlfield tag="005">20170116180819.0</controlfield>
  <controlfield tag="008">150615b        xxu||||| |||| 00| 0 eng d</controlfield>
  <datafield tag="020" ind1=" " ind2=" ">
    <subfield code="a">0534142869</subfield>
  </datafield>
  <datafield tag="040" ind1=" " ind2=" ">
    <subfield code="c">LIBRARY</subfield>
  </datafield>
  <datafield tag="082" ind1=" " ind2=" ">
    <subfield code="a">510 FRI</subfield>
  </datafield>
  <datafield tag="100" ind1=" " ind2=" ">
    <subfield code="9">3942</subfield>
    <subfield code="a">Frisk, Peter D.</subfield>
  </datafield>
  <datafield tag="245" ind1=" " ind2=" ">
    <subfield code="a">Functions and graphs</subfield>
    <subfield code="c">Peter D. Frisk</subfield>
  </datafield>
  <datafield tag="250" ind1=" " ind2=" ">
    <subfield code="a">2nd ed</subfield>
  </datafield>
  <datafield tag="260" ind1=" " ind2=" ">
    <subfield code="a">USA</subfield>
    <subfield code="b">Books/Cole Publishing Company</subfield>
    <subfield code="c">c1991.</subfield>
  </datafield>
  <datafield tag="300" ind1=" " ind2=" ">
    <subfield code="a">559 p. :</subfield>
  </datafield>
  <datafield tag="650" ind1=" " ind2=" ">
    <subfield code="9">3946</subfield>
    <subfield code="a">Mathematics</subfield>
    <subfield code="x">General</subfield>
  </datafield>
  <datafield tag="942" ind1=" " ind2=" ">
    <subfield code="2">ddc</subfield>
    <subfield code="c">BK</subfield>
  </datafield>
  <datafield tag="999" ind1=" " ind2=" ">
    <subfield code="c">63653</subfield>
    <subfield code="d">63653</subfield>
  </datafield>
  <datafield tag="952" ind1=" " ind2=" ">
    <subfield code="0">0</subfield>
    <subfield code="1">0</subfield>
    <subfield code="2">ddc</subfield>
    <subfield code="4">0</subfield>
    <subfield code="7">0</subfield>
    <subfield code="a">PNEC</subfield>
    <subfield code="b">PNEC</subfield>
    <subfield code="c">WING-A</subfield>
    <subfield code="d">2010-12-14</subfield>
    <subfield code="e">Library / Reference Grant</subfield>
    <subfield code="g">263.00</subfield>
    <subfield code="l">0</subfield>
    <subfield code="o">510 FRI</subfield>
    <subfield code="p">PNECLIB-017038</subfield>
    <subfield code="r">2015-06-15</subfield>
    <subfield code="v">263.00</subfield>
    <subfield code="w">2010-12-14</subfield>
    <subfield code="y">BK</subfield>
  </datafield>
</record>
